000 00260nam a22001097a 4500
008 170110b xxu||||| |||| 00| 0 eng d
020 _a9780874349030
041 _aeng
080 _23RD
_a618.2
245 _aNURSING PHARMACOLOGY
_cVALLERAND, A.H
942 _2udc
_cBK
999 _c2614
_d2614